000 00909nas a2200313 4500
001 BR0808183
003 BR-BrBNA
005 20231205112819.0
007 ta
008 230509b bl.|||p| |||| 00| 00por d
040 _aBR-BrBNA
_bpor
_cBiblioteca Nacional de Agricultura
041 _a(Pt)
072 _aF01
100 1 _aPereira, T.A.
100 1 _aAlves, J.D.
100 1 _aAbrahão, J.E.
100 1 _aFries, D.D.
100 1 _aLivramento, D.E. do
100 1 _aDeuner, S.
245 1 _aCarboidratos, redutase do nitrato e restabelecimento de mudas passadas de cafeeiro após a poda em diferentes alturas
650 _aCARBOIDRATO
650 _aCAFÉ
650 _aPODA
650 _aCAULE
650 _aMUDA
773 0 _tRevista Ceres (Brazil)
_xISSN 0034-737X
_g(May-Jun 2008), v. 55(3) p. 236-242
_wBR0808183
909 _a202311
_bLúcia
_c55
_dLúcia Elande
942 _2AGRIS
_n0
_cANA
999 _c200139
_d200139